|
|
|
|
| LEADER |
00000nam0a2200000 4500 |
| 001 |
103146 |
| 005 |
20231101214452.0 |
| 010 |
|
|
|a 5275013833
|
| 035 |
|
|
|a (RuTPU)RU\TPU\book\111217
|
| 090 |
|
|
|a 103146
|
| 100 |
|
|
|a 20061012d2006 m y0rusy50 ca
|
| 101 |
0 |
|
|a rus
|
| 102 |
|
|
|a RU
|
| 105 |
|
|
|a y z 000ad
|
| 200 |
1 |
|
|a Роковая тайна сестер Бронте
|e роман
|f Е. Б. Митрофанова
|
| 210 |
|
|
|a Москва
|c Терра
|d 2006
|
| 215 |
|
|
|a 688 с.
|
| 225 |
1 |
|
|a Избранницы судьбы
|
| 330 |
|
|
|a Феномен сестер Бронте — действительно уникальное явление в истории английской литературы. Природа, как двуликий Янус, наделила дочерей провинциального пастора Патрика— Шарлотту (1816— 1855), Эмили (1818—1848) и Энн (1820—1849)— щедрым писательским даром, но ни одной из них не дала она возможности иметь наследника. Род Патрика Бронте прекратился вместе с ним, ибо ему самому суждено было пережить своих многочисленных домочадцев. В чем кроется разгадка столь беспощадных и непостижимых происков злого Рока? Завесу этой страшной тайны пытается приоткрыть автор книги.
|
| 600 |
|
1 |
|a Бронте
|b Ш.
|c английская писательница
|f 1816-1855
|g Шарлотта
|2 stltpush
|3 (RuTPU)RU\TPU\pers\9149
|9 1786
|
| 600 |
|
1 |
|a Бронте
|b Э.
|c английская писательница
|f 1918-1948
|g Эмили
|2 stltpush
|3 (RuTPU)RU\TPU\pers\9150
|9 1787
|
| 610 |
1 |
|
|a русская литература
|
| 610 |
1 |
|
|a английская литература
|
| 610 |
1 |
|
|a история
|
| 610 |
1 |
|
|a литературоведение
|
| 610 |
1 |
|
|a английские писатели
|
| 610 |
1 |
|
|a 19 век
|
| 610 |
1 |
|
|a персоналии
|
| 610 |
1 |
|
|a романы
|
| 675 |
|
|
|a Р2
|v 3
|
| 675 |
|
|
|a 82(092)
|v 3
|
| 700 |
|
1 |
|a Митрофанова
|b Е. Б.
|g Екатерина Борисовна
|
| 801 |
|
1 |
|a RU
|b 63413507
|c 20061012
|g PSBO
|
| 801 |
|
2 |
|a RU
|b 63413507
|c 20070529
|g PSBO
|
| 942 |
|
|
|c BK
|
| 959 |
|
|
|a 89/20061012
|d 1
|e 243,43
|f ХФ:1
|